00663cam a22002174a 45000010009000000050017000090080041000260100017000670200028000840200031001120350023001430400052001660410008002180420014002260800017002400820021002571000007002781010008002852450086002935040066003791388042220180216032558.0050223s2006 ctua j b 001 0 eng  a 2005005243 a1884158323 (alk. paper) a9781884158322 (alk. paper) a(OCoLC)ocm57893945 aDLCcDLCdBAKERdIJCdILCdC#PdBTCTAdQBXdDLC aeng apccalcac a158.0835 CAR00a158.0835 CAR2221 a48 aPSI10aTalk :cDale Carlson ; foreword by Kishore Khairnar ; pictures by Carol Nicklaus. aIncludes bibliographical references (p. [141]-144) and index.